| 000 | 00585nam a2200193 a 4500 | ||
|---|---|---|---|
| 005 | 20140310183252.0 | ||
| 008 | 041020s19uu xx 00 eng d | ||
| 050 |
_aRS 57 _b.H46 2003 |
||
| 100 | _aBuchholz, Susan | ||
| 245 |
_aHenke's med-math : _bdosage calculation, preparation & administration / |
||
| 250 | _a4th ed. | ||
| 260 |
_aPhiladelphia : _bWolters Kluwer/Lippincott Williams & Wilkins Health, _c2003. |
||
| 300 |
_a374 p. : _bill. ; _c23 cm. |
||
| 521 | _aNUR | ||
| 650 | _aPharmaceutical, Arithmetic. | ||
| 700 | _aHenke, Grace | ||
| 942 |
_cBK _2lcc |
||
| 999 |
_c20802 _d20802 |
||